| 000 | 00918nam a2200265 a 4500 | ||
|---|---|---|---|
| 001 | 000041647 | ||
| 003 | DO-SdBNP | ||
| 005 | 20220927123442.0 | ||
| 007 | 000041647 | ||
| 008 | 131015s2009 dr c 000 0 spa d | ||
| 020 | _a9789945002560 | ||
| 040 |
_aBPMSU _bspa _cBPMSU |
||
| 082 | 4 |
_a923.27293 _bB742p 2009 _222 |
|
| 245 | 0 | 0 |
_aJuan Bosch : _bperfil humano / _ccompilación, presentación y notas de Flavia García. |
| 260 |
_aSanto Domingo : _bCorripio, _c2009. |
||
| 300 |
_a416 p. : _bretr. ; _c26 cm. |
||
| 500 | _aIncluye datos biográficos de la compiladora en la solapa de la cubierta | ||
| 590 | _6Inventariado, 2022/VM | ||
| 600 | 1 | 4 |
_aBosch, Juan _d1909-2001 _xCrítica e interpretación _v |
| 650 | 4 |
_aPresidentes _zRepública Dominicana _vBiografías |
|
| 650 | 4 |
_aAutores dominicanos _ySiglo XX _vBiografías |
|
| 700 | 1 | 2 |
_aGarcía, Flavia _ecomp. |
| 910 | _aVMateo V./Validado | ||
| 942 |
_2ddc _cBK |
||
| 999 |
_c8034 _d8034 |
||